Gaming Quiz

Random Gaming or Card Games Quiz

Dragon Ball Z Dokkan Battle (A-Z) Quiz Stats

 Plays Quiz not verified by Sporcle

Challenge
Share
Tweet
Embed
Score 0/23 Timer 04:00
1 Play Today
First Letter Playable Characters % Correct
GGeneral Blue, General Rilldo, Giran, Gohan, Goku, Goku Black, Goku Jr., Gokua, Goten, Gotenks, Grand Supreme Kai, Grandpa Gohan, Guldo
96.4%
BBabidi, Babidi's Minion, Baby Janemba, Baby Vegeta, Bacterian, Bandages, Bardock, Barlot, Beerus, Bergamo, Bido, Bio-Broly, Borgos, Botamo, Boujack, Bra, Broly, Bujin, Bulma, Bulpan, Burter
94.2%
CCabba, Cacao, Captain Ginyu, Caulifla, Cell, Cell Jr., Celluza, Champa, Chiaoman, Chiaotzu, Chi-Chi, Chilled, Cooler, Coolieza, Cui, Cyborg Tao, Cyclopian Guard, Cymbal
92%
AAmond, Android #13, Android #16, Android #17, Android #18, Android #19, Android #21, Appule, Arale Norimaki
88.2%
VVegeta, Vegito, Veku, Videl
88.2%
FFasha, Frieza, Frieza Soldier, Frost, Fusion Android #13, Fusion Zamasu
83.8%
TTagoma, Tambourine, Tapion, Tarble, Tekka, Thouser, Tien, Tiencha, Toppo, Tora, Towa, Trunks, Turles
80.4%
DDabura, Daiz, Demigra, Demon King Piccolo, Devilman, Dodoria, Doure, Dr. Gero, Dr. Lychee, Dracula Man, Drum, Dyspo
80%
KKale, Kami, Karoly, Kefla, Kibito, Kibito Kai, Killa, King Chappa, King Cold, King Vegeta, Krillin
79.6%
PPamput, Pan, Pandel, Paragus, Pasta, Piccolo, Paikuhan, Pinich, Pintar, Pirate Robot, Puar, Pui Pui
77.1%
ZZamasu, Zangya, Zarbon
76.4%
YYajirobe, Yakon, Yamcha, Yamu, Yurin
76.4%
First Letter Playable Characters % Correct
JJaco, Janemba, Janembu, Jeice, Jewel, Jiren
74.4%
MMachine Pilaf, Magetta, Man-Wolf, Mai (Future), Majin Buu, Marron, Master Roshi, Master Shen, Meta Cooler, Minotia, Mira, Monster Carrot, Murasaki, Mutaito
69.1%
SSaibamen, Shen, Shisami, Shugesh, Sorbet, Sour Man, Spopovich, Staff Officer Black, Super #17, Super Buu, Supreme Kai, Supreme Kai of Time, Syn Shenron
68.9%
HHatchiyack, Haze Shenron, Hell Fighter #17, Hercule, Hit, Hoi
67.8%
RRaditz, Rage Shenron, Ranfan, Rasin, Recoome, Red Ribbon Army
64.2%
NNail, Namu, Nappa, Naturon Shenron, Neiz, Nuova Shenron
62.9%
OObotchaman, Oceanus Shenron, Omega Shenron, Oolong
60.7%
WWest Supreme Kai, Whirus, Whis
52.9%
UUub
50.2%
EEis Shenron
39.1%
LLakasei, Launch
37.1%

You're not logged in!

Compare scores with friends on all Sporcle quizzes.
OR
Log In

You Might Also Like...

Show Comments

Extras

Top Quizzes Today


Score Distribution

Your Account Isn't Verified!

In order to create a playlist on Sporcle, you need to verify the email address you used during registration. Go to your Sporcle Settings to finish the process.

Report this User

Report this user for behavior that violates our Community Guidelines.

Details: